000 00423nam a2200181Ia 4500
003 OSt
005 20251121155555.0
008 250729s1904 xx 000 0 und d
040 _cAL
041 _aeng
082 _a425 CARE
100 _aCarpenter G R
_9224705
245 _aElements of rhetoric & english composition
260 _aLondon
_c1904
300 _a263p
650 _aEnglish
_9224706
942 _2ddc
_cBED
999 _c236545
_d236545